[Event "  SM  also on facebook tournament"]
[Site "SchemingMind.com"]
[Date "2017.12.12"]
[Round "-"]
[White "Henk Miedema"]
[Black "Arthur Wilding"]
[Result "0-1"]
[WhiteCountry "NED"]
[BlackCountry "WLS"]
[WhiteElo "1022"]
[WhiteRD "71"]
[BlackElo "1182"]
[BlackRD "76"]
[GameID "421854"]

1. d4 d5 2. e3 c6 3. b3 Nf6 4. Ba3 Bg4 5. Be2 Bxe2 6. Qxe2 Nbd7 7. Nc3 e6 8. O-O-O Be7 9. Nf3 Bxa3+ 10. Kb1 Bb4
11. Na4 Bd6 12. h4 Ne4 13. Nb2 O-O 14. g3 Nc3+ 15. Ka1 Nxe2 16. Rd2 Nxg3 17. Rg1 Nf5 18. Nd3 h6 19. Rh1 Ne7 20. Rdd1 Nf6
21. Ng1 Ng4 22. Nh3 Qa5 23. Ng1 Bb4 24. Ne2 Bc3+ 25. Kb1 Qa3 26. Nec1 a5
0-1

[Event "  SM  also on facebook tournament"]
[Site "SchemingMind.com"]
[Date "2017.12.14"]
[Round "-"]
[White "Henk Miedema"]
[Black "John Lewis"]
[Result "0-1"]
[WhiteCountry "NED"]
[BlackCountry "WLS"]
[WhiteElo "993"]
[WhiteRD "64"]
[BlackElo "1383"]
[BlackRD "69"]
[GameID "421858"]

1. d4 d5 2. e3 f6 3. Nf3 g5 4. b3 e5 5. Bb2 e4 6. Nfd2 g4 7. f3 h5 8. f4 f5 9. g3 h4 10. Na3 h3
11. Bb5+ c6 12. Be2 b5 13. Nxb5 cxb5 14. b4 a5 15. Bxb5+ Bd7 16. Be2 axb4 17. O-O Ba4 18. a3 Qd7 19. Nb1 Bb5 20. Rf2 Bc4
21. c3 bxc3 22. Bxc3 Bd6 23. Nd2 Bxe2 24. Rxe2 Bxa3 25. Nb3 Qb5 26. Qb1 Qxe2 27. Qe1 Qxe1+ 28. Bxe1 Ne7 29. Nd2 O-O 30. Nb1 Nbc6
31. Nxa3 Rxa3 32. Rxa3 Rb8 33. Ra1 Rb2 34. Ra8+ Kf7 35. Ra6 Nb4 36. Rb6 Nec6 37. Rb7+ Ke6 38. Rb6 Kd6 39. Bc3 Rb1+ 40. Kf2 Kc7
41. Rb5 Kd6 42. Rb7 Nd3+
0-1

[Event "  SM  also on facebook tournament"]
[Site "SchemingMind.com"]
[Date "2017.12.14"]
[Round "-"]
[White "John Lewis"]
[Black "Arthur Wilding"]
[Result "1-0"]
[WhiteCountry "WLS"]
[BlackCountry "WLS"]
[WhiteElo "1399"]
[WhiteRD "74"]
[BlackElo "1133"]
[BlackRD "73"]
[GameID "421859"]

1. f4 d5 2. f5 f6 3. d3 Nc6 4. e4 e5 5. g4 dxe4 6. dxe4 Nge7 7. c3 Bd7 8. b4 Nb8 9. c4 Nec6 10. b5 Nd4
11. Be3 Bc5 12. Nf3 Nxf3+ 13. Qxf3 Bxe3 14. Qxe3 b6 15. Nc3 O-O 16. Nd5 c6 17. bxc6 Nxc6 18. Bg2 Nd4 19. Rc1 Rb8 20. O-O Bc6
21. a3 Bxd5 22. cxd5 b5 23. Rc6 b4 24. Ra6 Rb7 25. axb4 Qd7 26. Rb1 Rfb8 27. Qd2 Nb5 28. Re6 Nd4 29. Ra6 Nb5 30. Bf3 Nd4
31. Kg2 Nxf3 32. Kxf3 Qb5 33. h4 Qxa6 34. d6 Qa3+ 35. Ke2 Kf8 36. d7= Rd8 37. Qd6+ Kg8 38. Qd5+ Kh8 39. Qxb7 Qa2+ 40. Kf3 Qa3+
41. Ke2 Qa2+ 42. Kd3 Qf7 43. Qc8 Qxd7+ 44. Qxd7 Rxd7+ 45. Kc3 Rc7+ 46. Kb3 h6 47. h5 Kg8 48. b5 Rd7 49. Ra1 Rd3+ 50. Kc2 Rg3
51. Rxa7 Rg2+ 52. Kb3 Rg3+ 53. Kc4 Rg1 54. b6 Rc1+ 55. Kd5 Rd1+ 56. Ke6 Rb1 57. b7 Kh7 58. Kf7 Rb6 59. Ke7 Rb4 60. Kf7 Rb6
61. Ke8 Rb4 62. Kd7 Rb5 63. Kc6 Rb4 64. Ra8 Rc4+ 65. Kd5 Rd4+ 66. Kc5 Rd1 67. b8=Q Rc1+ 68. Kd5 Rd1+ 69. Ke6 Rd6+ 70. Kxd6
1-0

[Event "  SM  also on facebook tournament"]
[Site "SchemingMind.com"]
[Date "2017.12.13"]
[Round "-"]
[White "Arthur Wilding"]
[Black "nammy"]
[Result "1-0"]
[WhiteCountry "WLS"]
[BlackCountry "ENG"]
[WhiteElo "1133"]
[WhiteRD "73"]
[BlackElo "850"]
[BlackRD "62"]
[GameID "421860"]

1. d4 d5 2. e3 e6 3. Nc3 Ne7 4. Nf3 Ng6 5. Bb5+ c6 6. Bd3 Ne7 7. O-O Bd7 8. Ne5 Bc8 9. Bd2 f6 10. Nf3 g6
11. Re1 Bd7 12. Ne2 Bg7 13. c3 h5 14. a3 Nc8 15. Nf4 b6 16. a4 g5 17. Ne2 Kf8 18. Qc2 Qe7 19. a5 a6 20. axb6 Nxb6
21. Ne5 fxe5 22. dxe5 Bxe5 23. Ra2 Qf6 24. Nc1 Rh6 25. Rf1 g4 26. f4 Bd6 27. Ne2 h4 28. Nd4 Be7 29. Be1 Qg6 30. Bxg6 Rxg6
31. Bd2 c5 32. Qxg6 Nc8 33. Qh6+ Ke8 34. Nxe6 Bb5 35. Ng7+ Kd8 36. Qh8+ Kc7 37. Ne6+ Kb7 38. Rc1 Bd6 39. Qg7+ Kb6 40. f5 Nd7
41. Qxd7 Bxd7 42. c4 Ne7 43. Ba5+ Ka7 44. Rf1 Rh8 45. Bc3 Rh5 46. Raa1 Nxf5 47. Nf4 Rg5 48. cxd5 Nxe3 49. Bf6 Rf5 50. Rf2 Rxf6
51. Nh5 Rh6 52. Nf4 Rf6 53. Nh5 Nxd5 54. Nxf6 c4 55. Nxd7 Be5 56. Nxe5 g3 57. hxg3 hxg3 58. Rf7+ Kb6 59. Nd7+ Kb5 60. Rg7 Nb4
61. Rxg3 Nc2 62. Rd1 a5 63. Rb1 a4 64. Rg5+ Kb4 65. Rg8 a3 66. bxa3+ Kc3 67. Rg3+ Kd4 68. Rd1+ Ke4 69. Nc5+ Ke5 70. a4 Kf4
71. Rf3+ Kg4 72. Rd8 Ne1 73. Rg8+ Kh4 74. Rh3#
1-0

[Event "  SM  also on facebook tournament"]
[Site "SchemingMind.com"]
[Date "2017.12.12"]
[Round "-"]
[White "nammy"]
[Black "Henk Miedema"]
[Result "1-0"]
[WhiteCountry "ENG"]
[BlackCountry "NED"]
[WhiteElo "882"]
[WhiteRD "65"]
[BlackElo "993"]
[BlackRD "64"]
[GameID "421861"]

1. d4 d5 2. e3 e6 3. Bd2 Nf6 4. Nc3 b6 5. Bd3 Bd6 6. Nf3 c6 7. g3 Qe7 8. Qe2 Bd7 9. h4 Ba3 10. Nd1 Bd6
11. Qf1 c5 12. c3 Nc6 13. b3 a6 14. Nb2 Ng4 15. Qe2 Nf6 16. Na4 Ng8 17. Nxb6 Rb8 18. Na4 Nh6 19. Rg1 a5 20. g4 O-O
21. c4 Nxg4 22. e4 dxc4 23. bxc4 Rb7 24. Rxg4 Rfb8 25. e5 Bc7 26. Qf1 Nd8 27. Ke2 Nc6 28. dxc5 Be8 29. Qh1 g6 30. h5 Bxe5
31. Rd1 Nb4 32. Bb1 Nc6 33. Be4 Rc7 34. Qh3 Nb4 35. hxg6 Nxa2 36. Nxe5 Qf6 37. Nd3 Bxa4 38. Nf4 Qg7 39. Be3 Bxd1+ 40. Kxd1 f5
41. Bxf5 Rb2 42. Bxe6+ Kf8 43. Nh5 Qc3 44. Rf4+ Ke7 45. gxh7 Rb1+ 46. Ke2 Rb2+ 47. Kf3 Rc8 48. Kg2 a4 49. Bxc8 a3 50. Qe6+ Kd8
51. Qd7#
1-0

[Event "  SM  also on facebook tournament"]
[Site "SchemingMind.com"]
[Date "2017.12.14"]
[Round "-"]
[White "nammy"]
[Black "John Lewis"]
[Result "0-1"]
[WhiteCountry "ENG"]
[BlackCountry "WLS"]
[WhiteElo "882"]
[WhiteRD "65"]
[BlackElo "1383"]
[BlackRD "69"]
[GameID "421862"]

1. d4 d5 2. e3 Nc6 3. Nd2 e5 4. Be2 e4 5. Nb3 f5 6. Bd2 b6 7. Nh3 g5 8. Bc3 Bb7 9. Bd2 Bd6 10. Rf1 g4
11. Ng1 Bxh2 12. c3 Bxg1 13. Rxg1 Qh4 14. g3 Qe7 15. a3 O-O-O 16. Qb1 h5 17. Qa2 a5 18. Qb1 a4 19. Nc1 Nf6 20. Na2 b5
21. Bxb5 h4 22. Bxa4 h3 23. Nc1 h2 24. Rh1 Qh7 25. b4 Qh3 26. Ne2 Qg2 27. Qb2 Qxh1+ 28. Ng1 Qxg1+ 29. Ke2 Qg2 30. Be1 h1=Q
31. b5 Na5 32. Qb4 Nc4 33. b6 Qf3#
0-1

[Event "  SM  also on facebook tournament"]
[Site "SchemingMind.com"]
[Date "2017.12.12"]
[Round "-"]
[White "clare1347"]
[Black "nammy"]
[Result "1-0"]
[WhiteCountry "ENG"]
[BlackCountry "ENG"]
[WhiteElo "2267"]
[WhiteRD "101"]
[BlackElo "882"]
[BlackRD "65"]
[GameID "421879"]

1. e4 e5 2. Nf3 f6 3. d4 Nc6 4. Bc4 Qe7 5. Nc3 Nh6 6. O-O g6 7. Nd5 Qe6 8. Nxc7+ Ke7 9. Nxe6 dxe6 10. d5 Na5
11. d6+ Kf7 12. d7 Nxc4 13. d8=Q g5 14. Nxg5+ Kg7 15. Qf3 b6 16. Qdxf6+ Kg8 17. Qxf8#
1-0

[Event "  SM  also on facebook tournament"]
[Site "SchemingMind.com"]
[Date "2017.12.13"]
[Round "-"]
[White "Arthur Wilding"]
[Black "clare1347"]
[Result "0-1"]
[WhiteCountry "WLS"]
[BlackCountry "ENG"]
[WhiteElo "1142"]
[WhiteRD "74"]
[BlackElo "2267"]
[BlackRD "101"]
[GameID "421880"]

1. d4 d5 2. e3 c5 3. Nf3 Nf6 4. Nc3 Nc6 5. Bb5 e6 6. Bxc6+ bxc6 7. O-O Bd7 8. dxc5 Bxc5 9. a4 O-O 10. Ne5 Bd6
11. Nxd7 Nxd7 12. Bd2 Qc7 13. Qe2 Bxh2+ 14. Kh1 Bd6 15. Ra2 f5 16. Qh5 Rf6 17. f4 Rh6 18. Qxh6 gxh6 19. Rb1 Nf6 20. Ne2 Ne4
21. Bc3 Qb6 22. Nd4 Nxc3 23. Raa1 Nxb1 24. Rxb1 Kf7 25. b3 Bxf4 26. Ra1 Bxe3 27. Nf3 Qc7 28. Rf1 Rg8 29. Ne1 Rg5 30. Nd3 Rh5#
0-1

[Event "  SM  also on facebook tournament"]
[Site "SchemingMind.com"]
[Date "2017.12.14"]
[Round "-"]
[White "John Lewis"]
[Black "clare1347"]
[Result "0-1"]
[WhiteCountry "WLS"]
[BlackCountry "ENG"]
[WhiteElo "1383"]
[WhiteRD "69"]
[BlackElo "2267"]
[BlackRD "101"]
[GameID "421881"]

1. f4 Nf6 2. d3 d5 3. h3 Nc6 4. g4 e5 5. e4 dxe4 6. f5 exd3 7. cxd3 h5 8. a3 hxg4 9. Bg2 Bxf5 10. hxg4 Rxh1
11. Bxh1 Nxg4 12. Bf3 Qh4+ 13. Kd2 O-O-O 14. Bxc6 Rxd3+ 15. Kc2 Rxd1+ 16. Kxd1 bxc6 17. Nf3= Qf2 18. Ne1 Ne3+ 19. Bxe3 Bg4+ 20. Kc1 Qxe3+
21. Kc2 Qe4+ 22. Nd3 Bf5 23. b4 c5 24. Nc3 Qxd3+ 25. Kb3 c4+ 26. Ka4 Qxc3 27. Rb1 Bxb1
0-1

[Event "  SM  also on facebook tournament"]
[Site "SchemingMind.com"]
[Date "2017.12.12"]
[Round "-"]
[White "clare1347"]
[Black "Henk Miedema"]
[Result "1-0"]
[WhiteCountry "ENG"]
[BlackCountry "NED"]
[WhiteElo "2267"]
[WhiteRD "101"]
[BlackElo "993"]
[BlackRD "64"]
[GameID "421882"]

1. e4 e5 2. Nf3 Nc6 3. d4 Bd6 4. Bg5 f6 5. Be3 Nge7 6. d5 Na5 7. Bd3 O-O 8. O-O b6 9. Nc3 Nb7 10. Nb5 Bb4
11. c3 Bc5 12. Bxc5 d6 13. Be3 a6 14. Na3 Qe8 15. h3 Bd7 16. Rc1 a5 17. c4 Ba4 18. b3 Bd7 19. Nb5 c5 20. Nc7 Qg6
21. Nh4 Rac8 22. Nxg6 Nxg6 23. Nb5 f5 24. exf5 Ne7 25. g4 Bxf5 26. Bxf5 Rf6 27. Bxc8 Nxc8 28. f4 e4 29. f5 Ne7 30. Bg5 Rf7
31. Bxe7 Rxe7 32. g5 Nd8 33. Kh2 Nf7 34. f6 Re5 35. Qg4 Nxg5 36. Qc8+ Kf7 37. fxg7+ Kxg7 38. Qf8+ Kg6 39. Rf6+ Kh5 40. Qh6#
1-0

[Event "  SM  also on facebook tournament"]
[Site "SchemingMind.com"]
[Date "2017.12.13"]
[Round "-"]
[White "Wilco Ende"]
[Black "nammy"]
[Result "0-1"]
[WhiteCountry "NED"]
[BlackCountry "ENG"]
[WhiteElo "898"]
[WhiteRD "81"]
[BlackElo "882"]
[BlackRD "65"]
[GameID "421899"]

1. Nf3 Nc6 2. d3 f6 3. Nbd2 e6 4. g3 d6 5. c3 Nge7 6. Bg2 Ng6 7. Nd4 Nce5 8. b3 Bd7 9. Bxb7 Rb8 10. Bg2 Be7
11. O-O Kf8 12. Bh1 Qe8 13. Bb2 c5 14. Qb1 cxd4 15. cxd4 Nc6 16. Bg2 Qf7 17. Qc2 Nb4 18. Qc7 Rd8 19. Qxa7 e5 20. Rac1 Qe6
21. Nf3 Qd5 22. e4 Qf7 23. Rc7 Rc8 24. Rxd7 Qe6 25. Rc1 Nc6 26. Rc7 Nxa7 27. Rxc8+ Nxc8 28. d5 Qd7 29. a4 h5 30. b4 Qxa4
31. Rxc8+ Kf7 32. Rc4 Qd1+ 33. Ne1 h4 34. Bf3 Qxe1+ 35. Kg2 h3#
0-1

[Event "  SM  also on facebook tournament"]
[Site "SchemingMind.com"]
[Date "2017.12.13"]
[Round "-"]
[White "Wilco Ende"]
[Black "clare1347"]
[Result "0-1"]
[WhiteCountry "NED"]
[BlackCountry "ENG"]
[WhiteElo "793"]
[WhiteRD "97"]
[BlackElo "2246"]
[BlackRD "100"]
[GameID "421900"]

1. Nf3 Nf6 2. d3 d5 3. Nfd2 e5 4. b3 Bg4 5. g3 Bc5 6. Nc3 O-O 7. Bb2 Nc6 8. Bg2 Qd7 9. Qc1 Rfd8 10. h3 Be6
11. O-O Bxh3 12. Ba3 Bd4 13. Bb2 Qg4 14. Bxh3 Qxh3 15. Nf3 Qxg3+ 16. Kh1 Qh3+ 17. Nh2 Ng4 18. Rg1 Qxh2#
0-1

[Event "  SM  also on facebook tournament"]
[Site "SchemingMind.com"]
[Date "2017.12.13"]
[Round "-"]
[White "Arthur Wilding"]
[Black "Wilco Ende"]
[Result "1-0"]
[WhiteCountry "WLS"]
[BlackCountry "NED"]
[WhiteElo "1142"]
[WhiteRD "74"]
[BlackElo "898"]
[BlackRD "81"]
[GameID "421901"]

1. d4 e6 2. e3 Nc6 3. Nc3 Nce7 4. Nf3 Nf6 5. Bd3 g6 6. O-O Bg7 7. b3 Nf5 8. Bb2 O-O 9. a4 b6 10. Bxf5 exf5
11. Ne2 Ba6 12. Ne5 Ng4 13. Nxg4 fxg4 14. g3 Qe7 15. Bc3 Rae8 16. a5 bxa5 17. Re1 h6 18. Nf4 Bb7 19. Nd3 Qe6 20. Nc5 Qc6
21. Kf1 Ba6+ 22. Nxa6 Qxa6+ 23. Kg1 Re6 24. Bxa5 Qb5 25. Bxc7 Rf6 26. Be5 Rb6 27. Bxg7 Kxg7 28. Ra4 Qc6 29. Rc4 Qe6 30. d5 Qd6
31. e4 h5 32. Ra4 Rb4 33. Qa1+ f6 34. Rxa7 Kg8 35. Ra8 Qc7 36. Rxf8+ Kxf8 37. Re2 Qc8 38. Qa3 Qc3 39. Qa8+ Kf7 40. Qa7 Rd4
41. Qxd7+ Kg8 42. Qe6+ Kh7 43. Qxf6 Qa1+ 44. Kg2 Rd1 45. Qf7+ Kh6 46. Qf8+ Kg5 47. Qe7+ Kh6 48. Qf8+ Qg7 49. Qf4+ g5 50. Qd6+ Qg6
51. Qxg6+ Kxg6 52. b4 Rd4 53. b5 Rb4 54. e5 Rxb5 55. d6 Rb8 56. d7 Rb7 57. d8=Q
1-0

[Event "  SM  also on facebook tournament"]
[Site "SchemingMind.com"]
[Date "2017.12.13"]
[Round "-"]
[White "Henk Miedema"]
[Black "Wilco Ende"]
[Result "1/2-1/2"]
[WhiteCountry "NED"]
[BlackCountry "NED"]
[WhiteElo "1022"]
[WhiteRD "71"]
[BlackElo "793"]
[BlackRD "97"]
[GameID "421902"]

1. d4 Nc6 2. e3 e6 3. Nf3 Nce7 4. b3 g6 5. Bb2 Bg7 6. c4 Nf6 7. Nc3 O-O 8. Qc2 b6 9. O-O-O Nc6 10. Bd3 Nb4
11. Qb1 Nxd3+ 12. Qxd3 Bb7 13. c5 bxc5 14. g3 Bxf3 15. Ba3 Bxh1 16. Rxh1 d6 17. Bb2 Ng4 18. Nd1 Rb8 19. Kb1 Qf6 20. Qa6 Ra8
21. Qe2 Nh6 22. Qf1 e5 23. Bc3 cxd4 24. Ba5 Rac8 25. e4 c6 26. Bb4 c5 27. Bd2 c4 28. Nb2 Rc5 29. b4 Rcc8 30. h4 c3
31. Bc1 cxb2 32. Kxb2 d5 33. Qe1 dxe4 34. Qxe4 Qxf2+ 35. Kb1 Rc3 36. Bb2 Rb3 37. axb3 Qxg3 38. b5 Qxb3 39. Rh2 Qxb5 40. Qc2 Rd8
41. Rh1 e4 42. Qxe4 Rb8 43. Rh2 Re8 44. Qf4 d3 45. Kc1 Re1+ 46. Kd2 Qa5+ 47. Kxd3 Bxb2 48. Rxb2 Qa3+ 49. Kd2 Qxb2+ 50. Kxe1 a5
51. Qxh6 a4 52. h5 a3 53. hxg6 a2 54. gxh7+ Kh8 55. Qf8+ Kxh7 56. Qxf7+ Qg7 57. Qxa2 Kh6 58. Qh2+ Kg6 59. Qg2+ Kf7 60. Qf2+ Qf6
61. Qxf6+= Kxf6
1/2-1/2

[Event "  SM  also on facebook tournament"]
[Site "SchemingMind.com"]
[Date "2017.12.14"]
[Round "-"]
[White "John Lewis"]
[Black "Wilco Ende"]
[Result "1-0"]
[WhiteCountry "WLS"]
[BlackCountry "NED"]
[WhiteElo "1383"]
[WhiteRD "69"]
[BlackElo "898"]
[BlackRD "81"]
[GameID "421903"]

1. f4 e6 2. e4 Nc6 3. e5 Nce7 4. d4 g6 5. c4 Bg7 6. c5 Nd5 7. g3 Nge7 8. g4 O-O 9. g5 a6 10. Bc4 b5
11. Bxd5 Nxd5 12. Bd2 Bb7 13. b4 Ne7 14. a4 Bxh1 15. Nf3 bxa4 16. Kf2 Rb8 17. Qxh1 Nd5 18. Rxa4 Qc8 19. Na3 c6 20. h4 Ne7
21. Nc4 Nf5 22. Nd6 Nxd6 23. cxd6 Rb5 24. Qa1 Qd8 25. Rxa6 Qc8 26. Ra7 Qb8 27. Rxd7 Qb6 28. Ra7 Rd8 29. Ra6 Qb7 30. Ra7 Qc8
31. Rc7 Qb8 32. Rxc6 Rc8 33. Qa6 Rxc6 34. Qxc6 Rb7 35. d7 Rc7 36. Qd6 Qd8 37. b5 Rxd7 38. Qa6 Qc7 39. b6 Bf8 40. bxc7 Rxc7
41. Ba5 Rc2+ 42. Ke3 f5 43. Qxe6+ Kh8 44. Qf6+ Bg7 45. Qd8+ Bf8 46. Qxf8#
1-0

[Event "  SM  also on facebook tournament"]
[Site "SchemingMind.com"]
[Date "2017.12.19"]
[Round "-"]
[White "nammy"]
[Black "Chessibelle"]
[Result "1-0"]
[WhiteCountry "ENG"]
[BlackCountry "ENG"]
[WhiteElo "850"]
[WhiteRD "62"]
[BlackElo "1058"]
[BlackRD "58"]
[GameID "422101"]

1. d4 d5 2. e3 Bd7 3. Nc3 Nf6 4. f3 g6 5. Bd3 e6 6. g4 Bg7 7. Nge2 h5 8. g5 Nh7 9. f4 f6 10. Ng3 Nc6
11. Bd2 O-O 12. Qe2 fxg5 13. Qg2 Nf6 14. Bxg6 h4 15. Nge2 a6 16. Qxg5 h3 17. Ng1 Qe7 18. Nxh3 Kh8 19. O-O-O b5 20. Qh4+ Kg8
21. Be1 Bh8 22. Rg1 Bg7 23. e4 Be8 24. f5 a5 25. e5 a4 26. Nxb5 Bh8 27. b3 Ra5 28. Nc3 Qa3+ 29. Kd2 Bg7 30. exf6 Bxg6
31. fxg6 Rxf6 32. Rg4 Kf8 33. Bg3 Qe7 34. Ng5 Ke8 35. Nh3 e5 36. Re1 Kd7 37. dxe5 Qf8 38. exf6 Bxf6 39. Qh5 Nb4 40. Nf4 Kc8
41. Nfxd5 Qd8 42. Qf5+ Kb7 43. Qf2 Bg7 44. Qf7 Bf8 45. Rxb4+ Ka8 46. Kc1 Bh6+ 47. Kb1 Rc5 48. Rxa4+ Kb7 49. Rb4+ Kc8 50. a4 Rc6
51. a5 Ra6 52. Na4 Rd6 53. Rd1 Qg5 54. Qxc7#
1-0

[Event "  SM  also on facebook tournament"]
[Site "SchemingMind.com"]
[Date "2017.12.19"]
[Round "-"]
[White "clare1347"]
[Black "Chessibelle"]
[Result "1-0"]
[WhiteCountry "ENG"]
[BlackCountry "ENG"]
[WhiteElo "2267"]
[WhiteRD "101"]
[BlackElo "1069"]
[BlackRD "60"]
[GameID "422102"]

1. e4 e5 2. Nf3 d6 3. d4 Nc6 4. dxe5 Bd7 5. Bg5 Nge7 6. exd6 cxd6 7. Nc3 g6 8. Bc4 Bg7 9. Qxd6 O-O 10. O-O Kh8
11. Rad1 Nb8 12. Bxe7 Qe8 13. Bxf8 Bxf8 14. Qe5+ Kg8 15. Qxe8 Bxe8 16. Rd8 Ba4 17. Nxa4 Kg7 18. Rfd1 Be7 19. Re8 Bd6 20. Rxd6 a6
21. Rdd8
1-0

[Event "  SM  also on facebook tournament"]
[Site "SchemingMind.com"]
[Date "2017.12.19"]
[Round "-"]
[White "Chessibelle"]
[Black "Arthur Wilding"]
[Result "1-0"]
[WhiteCountry "ENG"]
[BlackCountry "WLS"]
[WhiteElo "1058"]
[WhiteRD "58"]
[BlackElo "1133"]
[BlackRD "73"]
[GameID "422103"]

1. e4 e5 2. Nf3 d6 3. d3 Nf6 4. b3 Bg4 5. Be2 Bxf3 6. Bxf3 Nc6 7. O-O Nd4 8. Nd2 Nxf3+ 9. Nxf3 Be7 10. c4 O-O
11. d4 exd4 12. Nxd4 c5 13. Nf3 Nd7 14. Qc2 h6 15. Bb2 Bf6 16. h3 Ne5 17. Qe2 Nxf3+ 18. gxf3 Bxb2 19. Qxb2 Qd7 20. Kh2 b6
21. f4 Qe6 22. f3 f5 23. Rg1 Rf7 24. Qa3 fxe4 25. Rge1 Rxf4 26. Rf1 Qe5 27. Kh1 a5 28. Qc1 a4 29. Qc2 axb3 30. Qxb3 Rb8
31. a4 Rbf8 32. Kg2 Qg5+ 33. Kf2 Qf5 34. Ke2 exf3+ 35. Kf2 Qxh3 36. Ke3 Qe6+ 37. Kd3 Qe3+ 38. Kxe3 g5 39. Qxb6 Re8+ 40. Kd3 Re6
41. Qb8+ Kg7 42. Rab1 f2 43. Qb7+ Kg6 44. a5 Rf3+ 45. Kd2 Rfe3 46. Qc8 Re2+ 47. Kd1 Re1+ 48. Kd2 R6e2+ 49. Kc3 Re3+ 50. Kb2 R3e2+
51. Kb3 Re3+ 52. Ka2 R3e2+ 53. Ka3 Re3+ 54. Ka4 Rxb1 55. Qg8+ Kh5 56. Rh1+ Kg4 57. Qc8+ Kf4 58. Rxb1 Re1 59. Qf8+ Kg3 60. Qxd6+ Kh4
61. Qxh6+ Kg4 62. a6 Rxb1 63. Qe6+ Kg3 64. Qe5+ Kg2 65. Qxg5+ Kf3 66. Qh5+ Kg2 67. Qg4+ Kf1 68. a7 Ra1+ 69. Kb5 Rxa7 70. Qd1+ Kg2
71. Qd5+ Kf1 72. Qxc5 Rb7+ 73. Kc6 Rf7 74. Qd5 Rf6+ 75. Kb7 Rf7+ 76. Qxf7 Ke2 77. Qh5+ Kd3 78. Qf3+ Kxc4 79. Qxf2 Kc3 80. Kc6 Kd3
81. Kd5 Kc3 82. Qd4+ Kc2 83. Kc4 Kc1 84. Qg1+ Kd2 85. Qf2+ Kc1 86. Kc3 Kd1 87. Kd3 Kc1 88. Qc2#
1-0

[Event "  SM  also on facebook tournament"]
[Site "SchemingMind.com"]
[Date "2017.12.19"]
[Round "-"]
[White "Chessibelle"]
[Black "Henk Miedema"]
[Result "1-0"]
[WhiteCountry "ENG"]
[BlackCountry "NED"]
[WhiteElo "1107"]
[WhiteRD "60"]
[BlackElo "1022"]
[BlackRD "71"]
[GameID "422104"]

1. e4 e5 2. Nf3 f6 3. d3 d6 4. Nc3 Ne7 5. g3 Nec6 6. Bg2 Be7 7. O-O O-O 8. Nd5 b5 9. c3 a5 10. a3 Rf7
11. Nh4 a4 12. Nf5 Ra7 13. Bf3 Bb7 14. b3 Ra5 15. b4 Ra7 16. c4 bxc4 17. dxc4 g6 18. Nh6+ Kg7 19. Nxf7 Kxf7 20. Qd2 Bf8
21. Bg4 Ba6 22. b5 Bb7 23. bxc6 Bxc6 24. Qe3 Rb7 25. Qf3 Rb3 26. Qg2 Rb7 27. Qh3 Bd7 28. Qxh7+ Ke8 29. Qxg6#
1-0

[Event "  SM  also on facebook tournament"]
[Site "SchemingMind.com"]
[Date "2017.12.19"]
[Round "-"]
[White "Chessibelle"]
[Black "John Lewis"]
[Result "0-1"]
[WhiteCountry "ENG"]
[BlackCountry "WLS"]
[WhiteElo "1107"]
[WhiteRD "60"]
[BlackElo "1351"]
[BlackRD "71"]
[GameID "422105"]

1. e4 e5 2. Nf3 d6 3. Nc3 f5 4. d3 f4 5. b3 c5 6. g3 g5 7. g4 Nf6 8. h3 Bd7 9. Be2 b5 10. a4 b4
11. O-O bxc3 12. Nxg5 Nxg4 13. Nf3 Nf6 14. Nh2 Bxh3 15. Re1 Rg8+ 16. Ng4 Nxg4 17. Kh1 Nxf2+
0-1

[Event "  SM  also on facebook tournament"]
[Site "SchemingMind.com"]
[Date "2017.12.19"]
[Round "-"]
[White "Wilco Ende"]
[Black "Chessibelle"]
[Result "0-1"]
[WhiteCountry "NED"]
[BlackCountry "ENG"]
[WhiteElo "793"]
[WhiteRD "97"]
[BlackElo "1107"]
[BlackRD "60"]
[GameID "422106"]

1. Nf3 d5 2. d4 e6 3. Nbd2 Nf6 4. g3 g6 5. Bg2 Nc6 6. Ne5 Qd6 7. Ndf3 Bg7 8. Nd3 b6 9. b3 O-O 10. O-O Re8
11. Bb2 Ne4 12. h3 f6 13. Nf4 e5 14. dxe5 fxe5 15. Nxd5 Be6 16. Qc1 Bxd5 17. Rd1 Qe6 18. Ba3 Bf6 19. Bb2 Re7 20. a4 Nb4
21. Ba3 c5 22. Rb1 Na2 23. Qb2 Nac3 24. b4 Nxe2+ 25. Kf1 Bc4 26. bxc5 Nf4+ 27. Kg1 h6 28. gxf4 Qf5 29. cxb6 axb6 30. Bxe7 Bxe7
31. Nxe5 Be6 32. Re1 Qxf4 33. Nxg6 Qxf2+ 34. Kh1 Bd6 35. Qh8+ Kf7 36. Qxa8 Ng3+ 37. Kh2 Nf1+ 38. Kh1 Nd2 39. Rbd1 Qg3 40. Nh8+ Kf6
41. Re2 Qh2#
0-1